|
|
|
|
| LEADER |
00000nam a2200000 a 4500 |
| 001 |
vtls008870821 |
| 003 |
SK-MaSNL |
| 005 |
20260301165756.0 |
| 008 |
061026s2000 xo ob g f 000 0 eng |
| 020 |
|
|
|a (brož.)
|
| 040 |
|
|
|a SNK
|b slo
|c SNK
|e AACR2
|
| 041 |
0 |
|
|a eng
|
| 043 |
|
|
|a e-xo---
|
| 044 |
|
|
|a xo
|c SK
|
| 072 |
|
7 |
|a 913(4)
|x Geografia Európy, reálie, cestovanie
|2 konspekt
|
| 080 |
|
|
|a 502.21(1-751.4)
|2 2001
|
| 080 |
|
|
|a 72:904
|2 2001
|
| 080 |
|
|
|a 908(437.6)
|2 2001
|
| 080 |
|
|
|a (036)
|2 2001
|
| 245 |
0 |
4 |
|a The best of Slovakia
|
| 260 |
|
|
|a Bratislava
|b REMARK/CMA
|c [2000]
|
| 300 |
|
|
|a 15 s.
|b fotogr., mp.
|c 30 cm
|
| 500 |
|
|
|a Názov z obalu
|
| 650 |
0 |
7 |
|a prírodné pamiatky
|2 SNKPH
|9 3807
|
| 650 |
0 |
7 |
|a architektonické pamiatky
|2 SNKPH
|9 28990
|
| 651 |
|
7 |
|a Slovensko
|x vlastiveda
|2 SNKPH
|9 265825
|
| 655 |
|
7 |
|a informačné publikácie
|2 SNKPH
|9 70181
|
| 999 |
|
|
|c 825442
|d 827372
|
| 952 |
|
|
|a SNK
|b SNK
|y PREZ
|7 0
|p 17A0525918
|o snkOSB 14705
|i snk2006/21906
|8 3
|g 0.50
|0 0
|1 0
|4 0
|d 2006-10-26
|l 0
|r 2026-02-24 03:19:23
|w 2026-02-24
|